000 00973cab a2200277 4500
001 ABS55526
008 090401t1996 xxu||||| |||| 00| 0 eng d
035 _a(Sirsi) u17147
041 _aeng
100 _aSydenham, A.
245 _aRight to roam
260 _c1996
350 _a0
490 _aEstates Gazette
_v(9627) 6 July 1996, 116-118(3)
520 _aExamines existing law on access to the countryside and proposals put forward by the Ramblers Association in its Access to the Countryside Bill, the Labour party`s `right to roam` legislation and the Country Landowners Association initiative `Access 2000`.
650 _aACCESS 2000
650 _aACCESS TO THE COUNTRYSIDE BILL
650 _aACCESS TO THE COUNTRYSIDE
650 _aCOUNTRY LANDOWNERS ASSOCIATION
650 _aRAMBLERS ASSOCIATION
650 _aRIGHT TO ROAM
650 _aRIGHTS OF WAY
690 _aHIGHWAYS RIGHTS OF WAY AND EASEMENTS
942 _n0
948 _c04/03/1997
999 _c11369
_d11369